[Event "Mumbai Mayors Cup 1st"]
[Site "Mumbai"]
[Date "2008.05.17"]
[Round "9"]
[White "Roop, Saurav"]
[Black "Korgaonkar, Saurabh"]
[Result "1-0"]
[WhiteElo "2022"]
[BlackElo "1824"]
[PlyCount "46"]
[EventDate "2008.05.11"]
[EventType "swiss"]
[EventRounds "11"]
[EventCountry "IND"]
[SourceTitle "CBM 124 Extra"]
[Source "ChessBase"]
[SourceDate "2008.07.03"]
[SourceVersion "1"]
[SourceVersionDate "2008.07.03"]
[SourceQuality "1"]

1. e4 e5 2. Nf3 Nc6 3. Bb5 a6 4. Ba4 Nf6 5. 0-0 Be7 6. Re1 b5 7. Bb3 0-0 8. c3 d5 9. exd5 Nxd5 10. Nxe5 Nxe5 11. Rxe5 c6 12. g3 Bd6 13. Re1 Qg5 14. d4 Qg6 15. Bc2 Bf5 16. Bxf5 Qxf5 17. Nd2 Rfe8 18. Nf1 Rxe1 19. Qxe1 Kf8 20. Ne3 Re8 21. Nxf5 Rxe1+ 22. Kg2 Bc7 23. b3 Nf4+ 1-0